Loading...
Doosara ghar /
| Main Author: | |
|---|---|
| Format: | Printed Book |
| Language: | Hindi |
| Published: |
New Delhi:
Vani prakasan,
1994.
|
| Subjects: |
| LEADER | 00551cam a2200193ua 4500 | ||
|---|---|---|---|
| 008 | 060815t1994||||||||||| 00 ||hin c | ||
| 041 | 0 | |a hin | |
| 082 | |a H891.433 |b RAM/D | ||
| 100 | 0 | |a Ramdaras Mishra, | |
| 245 | 0 | 0 | |a Doosara ghar / |
| 260 | |a New Delhi: |b Vani prakasan, |c 1994. | ||
| 300 | |a 289p.. | ||
| 362 | 1 | |a 1994. | |
| 365 | |a Rs.150/. |e hb | ||
| 504 | |a . | ||
| 650 | 0 | |a Hindi fiction | |
| 942 | |c BK | ||
| 999 | |c 6288 |d 6288 | ||
| 952 | |0 0 |1 0 |4 0 |6 H_891_433000000000000_RAM |7 0 |9 6613 |a KUCL |b KUCL |d 2014-05-23 |l 0 |o H891.433 RAM/ |p 11472 |r 2014-05-23 |w 2014-05-23 |y BK | ||